Eagles and Another v Minister for the Environment Sustainability and Housing, Welsh Assembly Government and Anor (Record no. 81604)

MARC details
000 -LEADER
fixed length control field 02413cad a22002295a 4500
001 - CONTROL NUMBER
control field L147659
008 - FIXED-LENGTH DATA ELEMENTS--GENERAL INFORMATION
fixed length control field 090603e20090505xxk f v 000 0 eng d
035 ## - SYSTEM CONTROL NUMBER
System control number (Sirsi) u147659
041 0# - LANGUAGE CODE
Language code of text/sound track or separate title eng
245 04 - TITLE STATEMENT
Title Eagles and Another v Minister for the Environment Sustainability and Housing, Welsh Assembly Government and Anor
Medium [electronic resource]
260 ## - PUBLICATION, DISTRIBUTION, ETC.
Date of publication, distribution, etc. 2009
520 ## - SUMMARY, ETC.
Summary, etc. [2009] EWHC 1028 (Admin), 18 May 2009. The case relates to an appeal against the refusal of planning permission for a proposed barn conversion. Mr and Mrs J. Eagles (E) applied to quash a decision of the Minister for the Environment, Sustainability and Housing, Welsh Assembly Government, through an inspector, to refuse to grant them planning permission to convert a barn to ancillary use to a listed farmhouse. Torfaen County Borough Council (T) had refused to grant planning permission and the inspector upheld that decision. He considered that the proposed conversion would fail to preserve the character and setting of the listed building, and would result in a separate accommodation which was not ancillary to the farmhouse. E argued that the inspector failed to take into account the functional relationship of the development to the farmhouse and erred in considering ancillary use and in not considering the history of the listed building and the brick extension. "Held": Application refused. The inspector had taken into account the scale, size, and physical layout. He also considered that the extension would constitute a self-contained house not linked physically to the farmhouse and would afford those living in it the facilities necessary for private independent existence. As a result, the proposed conversion could not be of ancillary use to the farmhouse.
590 ## - LOCAL NOTE (RLIN)
Local note KA
650 24 - SUBJECT ADDED ENTRY--TOPICAL TERM
Topical term or geographic name entry element EAGLES V MINISTER FOR THE ENVIRONMENT SUSTAINABILITY AND HOUSING, WELSH ASSEMBLY GOVERNMENT
650 24 - SUBJECT ADDED ENTRY--TOPICAL TERM
Topical term or geographic name entry element GRAVESHAM BC V SECRETARY OF STATE FOR THE ENVIRONMENT
650 24 - SUBJECT ADDED ENTRY--TOPICAL TERM
Topical term or geographic name entry element MOORE V SECRETARY OF STATE FOR THE ENVIRONMENT, TRANSPORT AND THE REGIONS
650 24 - SUBJECT ADDED ENTRY--TOPICAL TERM
Topical term or geographic name entry element PLANNING (LISTED BUILDINGS AND CONSERVATION AREAS) ACT 1990 S66
651 #4 - SUBJECT ADDED ENTRY--GEOGRAPHIC NAME
Geographic name England and Wales
Chronological subdivision 1543-
690 ## - LOCAL SUBJECT ADDED ENTRY--TOPICAL TERM (OCLC, RLIN)
Topical term or geographic name as entry element ENVIRONMENTAL AND LAND CONSULTANCY-PLANNING AND DEVELOPMENT-DEVELOPMENT CONTROL-PLANNING ENFORCEMENT
856 40 - ELECTRONIC LOCATION AND ACCESS
Uniform Resource Identifier <a href="https://www.bailii.org/ew/cases/EWHC/Admin/2009/1028.html">https://www.bailii.org/ew/cases/EWHC/Admin/2009/1028.html</a>
Public note View the case free of charge at www.bailli.org...
942 ## - ADDED ENTRY ELEMENTS (KOHA)
Suppress in OPAC 0
Holdings
Withdrawn status Lost status Source of classification or shelving scheme Damaged status Not for loan Home library Current library Shelving location Date acquired Total Checkouts Full call number Barcode Date last seen Copy number Price effective from Koha item type
    Dewey Decimal Classification     Virtual Virtual Online 03/06/2009   ONLINE JUDGMENT 147659-2001 06/08/2019 1 06/08/2019 Law report